Catálogo
 En Linea

Nivelación de terrenos. (Registro nro. 36080)

Detalles MARC
000 -CABECERA
campo de control de longitud fija 00672nam a2200181 a 4500
001 - NÚMERO DE CONTROL
campo de control 000036589
005 - FECHA Y HORA DE LA ÚLTIMA TRANSACCIÓN
campo de control 20200930075820.0
008 - DATOS DE LONGITUD FIJA--INFORMACIÓN GENERAL
campo de control de longitud fija 120120s1972 mx a 000 0 spa d
040 ## - FUENTE DE LA CATALOGACIÓN
Centro catalogador/agencia de origen DO-SdBNP
Lengua de catalogación spa
Centro/agencia transcriptor BNPHU
082 ## - NÚMERO DE LA CLASIFICACIÓN DECIMAL DEWEY
Número de clasificación 627.132
245 00 - MENCIÓN DE TÍTULO
Título Nivelación de terrenos.
260 ## - PUBLICACIÓN, DISTRIBUCIÓN, ETC.
Lugar de publicación, distribución, etc. México :
Nombre del editor, distribuidor, etc. Centro Regional de Ayuda Técnica,
Fecha de publicación, distribución, etc. 1972.
300 ## - DESCRIPCIÓN FÍSICA
Extensión 70 p. :
Otras características físicas il. ;
Dimensiones 23 cm.
490 1# - MENCIÓN DE SERIE
Mención de serie Ingeniería de suelos
Designación de volumen o secuencia 7
500 ## - NOTA GENERAL
Nota general A la cabeza del título manual de ingeniería de suelos, sección 15: riego
710 2# - PUNTO DE ACCESO ADICIONAL--NOMBRE DE ENTIDAD CORPORATIVA
Nombre de entidad corporativa o nombre de jurisdicción como elemento de entrada Servicio de Conservación de Suelos, Departamento de Agricultura de los Estados Unidos de América
9 (RLIN) 62861
830 00 - PUNTO DE ACCESO ADICIONAL DE SERIE-TÍTULO UNIFORME
Título uniforme Ingeniería de suelos
Número de parte o sección de la obra 7
9 (RLIN) 62862
Existencias
Estado de retiro Estado de pérdida Restricciones de uso No para préstamo Código de colección Localización permanente Ubicación/localización actual Ubicación en estantería Fecha de adquisición Número de inventario Total de préstamos Signatura topográfica completa Código de barras Fecha visto por última vez Precio válido a partir de Tipo de ítem Koha
        Monografías: Libros y Folletos General General Orden iniciada 20.01.2012 LF1   627.132 36589-10 25.06.2020 25.06.2020 No se presta

Con tecnología Koha